[Event "Pan American Amateur-ch"]
[Site "Curitiba"]
[Date "2015.12.20"]
[Round "9"]
[White "Barbisan Junior, Sergio"]
[Black "Correa, Jose Augusto"]
[Result "1/2-1/2"]
[WhiteElo "1822"]
[BlackElo "1947"]
[PlyCount "35"]
[EventDate "2015.12.16"]
[EventType "swiss"]
[EventRounds "9"]
[EventCountry "BRA"]
[SourceTitle "CBM 170 Extra"]
[Source "ChessBase"]
[SourceDate "2016.02.25"]
[SourceVersion "1"]
[SourceVersionDate "2016.02.25"]
[SourceQuality "1"]

1. d4 f5 2. c4 e6 3. Nc3 Nf6 4. Nf3 d5 5. e3 c6 6. Bd3 Bd6 7. 0-0 0-0 8. Qc2 Nbd7 9. b3 Ne4 10. Bb2 g5 11. Nd2 g4 12. f4 Qh4 13. Bxe4 dxe4 14. g3 Qh3 15. Rf2 Nf6 16. Qd1 Nh5 17. Qf1 Qxf1+ 18. Raxf1 1/2-1/2

[Event "Pan American Amateur-ch"]
[Site "Curitiba"]
[Date "2015.12.17"]
[Round "4"]
[White "Mileski, Lucas de Souza"]
[Black "Barbisan Junior, Sergio"]
[Result "1/2-1/2"]
[WhiteElo "1611"]
[BlackElo "1822"]
[PlyCount "99"]
[EventDate "2015.12.16"]
[EventType "swiss"]
[EventRounds "9"]
[EventCountry "BRA"]
[SourceTitle "CBM 170 Extra"]
[Source "ChessBase"]
[SourceDate "2016.02.25"]
[SourceVersion "1"]
[SourceVersionDate "2016.02.25"]
[SourceQuality "1"]

1. e4 e6 2. d4 d5 3. Nc3 Nf6 4. e5 Nfd7 5. f4 c5 6. Nf3 Nc6 7. Be3 a6 8. Be2 Be7 9. Qd2 b5 10. 0-0 0-0 11. h3 Qc7 12. Rae1 cxd4 13. Nxd4 Nxd4 14. Bxd4 Bc5 15. Kh1 Bb7 16. Bg4 Bxd4 17. Qxd4 g6 18. Rf2 Rac8 19. a3 Nb6 20. Nd1 Nc4 21. Be2 Qa5 22. c3 Nxb2 23. Nxb2 Rxc3 24. Qb4 Qxa3 25. Qxa3 Rxa3 26. Rc1 Rc8 27. Rxc8+ Bxc8 28. Bd3 d4 29. Be4 Re3 30. Bd3 Bb7 31. Re2 Rxh3+ 32. Kg1 Rh4 33. Be4 Bxe4 34. Rxe4 g5 35. Nd3 a5 36. Rxd4 gxf4 37. Kf2 f6 38. exf6 Kf7 39. Rd7+ Kxf6 40. Rb7 Rh5 41. Nxf4 Rf5 42. Ke3 h5 43. Rb6 Re5+ 44. Kd4 h4 45. Nxe6 Rxe6 46. Rxb5 Re2 47. Rxa5 Rxg2 48. Rh5 Rg4+ 49. Ke3 Kg6 50. Rh8 1/2-1/2

[Event "Florianopolis Cordioli Memorial"]
[Site "Florianopolis"]
[Date "2015.07.05"]
[Round "7"]
[White "Barbisan Junior, Sergio"]
[Black "Niehues, Luiz Cesar"]
[Result "1-0"]
[WhiteElo "1863"]
[BlackElo "1701"]
[PlyCount "69"]
[EventDate "2015.07.03"]
[EventType "swiss"]
[EventRounds "7"]
[EventCountry "BRA"]
[SourceTitle "EXT 2016"]
[Source "ChessBase"]
[SourceDate "2015.10.08"]
[SourceVersion "1"]
[SourceVersionDate "2015.10.08"]
[SourceQuality "1"]

1. Nf3 d5 2. c4 d4 3. d3 c5 4. g3 b6 5. Bg2 Bb7 6. 0-0 Nf6 7. b4 e6 8. bxc5 Bxc5 9. Nbd2 Nbd7 10. Nb3 0-0 11. Nbxd4 Ng4 12. e3 Qf6 13. Bb2 Qh6 14. h3 Nxe3 15. fxe3 Qxe3+ 16. Kh1 Qh6 17. Qd2 Qg6 18. Ne2 Nf6 19. Nh4 Bxg2+ 20. Kxg2 Qh5 21. Bxf6 gxf6 22. Rxf6 Rad8 23. Rf4 Kh8 24. Qb2+ f6 25. Rxf6 e5 26. Rxf8+ Rxf8 27. Rf1 Rxf1 28. Kxf1 Qg5 29. Ke1 Qe3 30. Qd2 Qf2+ 31. Kd1 a5 32. Qe1 Qe3 33. Nc1 Qd4 34. Nf3 Bd6 35. Nxd4 1-0

[Event "Florianopolis Cordioli Memorial"]
[Site "Florianopolis"]
[Date "2015.07.04"]
[Round "3"]
[White "Do Prado, Hamilton Mesquita"]
[Black "Barbisan Junior, Sergio"]
[Result "1-0"]
[WhiteElo "1641"]
[BlackElo "1863"]
[PlyCount "43"]
[EventDate "2015.07.03"]
[EventType "swiss"]
[EventRounds "7"]
[EventCountry "BRA"]
[SourceTitle "EXT 2016"]
[Source "ChessBase"]
[SourceDate "2015.10.08"]
[SourceVersion "1"]
[SourceVersionDate "2015.10.08"]
[SourceQuality "1"]

1. d4 d6 2. Bf4 Nf6 3. e3 g6 4. Be2 Bg7 5. Nf3 0-0 6. 0-0 Nbd7 7. Nbd2 Nh5 8. Bg5 Qe8 9. Rc1 Nhf6 10. h3 e5 11. dxe5 Nxe5 12. Bf4 Nxf3+ 13. Nxf3 Nh5 14. c3 Nxf4 15. exf4 Qe4 16. Re1 Qxf4 17. Qd2 Qf6 18. Qg5 Qxg5 19. Nxg5 Bh6 20. h4 f6 21. Bc4+ Kg7 22. Re7+ 1-0

[Event "Florianopolis Cordioli Memorial"]
[Site "Florianopolis"]
[Date "2015.07.03"]
[Round "1"]
[White "Barbisan Junior, Sergio"]
[Black "De Almeida, Cesar Ricardo"]
[Result "1-0"]
[WhiteElo "1863"]
[BlackElo "1756"]
[PlyCount "73"]
[EventDate "2015.07.03"]
[EventType "swiss"]
[EventRounds "7"]
[EventCountry "BRA"]
[SourceTitle "EXT 2016"]
[Source "ChessBase"]
[SourceDate "2015.10.08"]
[SourceVersion "1"]
[SourceVersionDate "2015.10.08"]
[SourceQuality "1"]

1. Nf3 Nf6 2. c4 d6 3. d4 g6 4. Nc3 Bg7 5. e4 0-0 6. Be2 e5 7. d5 Nbd7 8. 0-0 Nh5 9. Ne1 Nhf6 10. Be3 Ne8 11. Qd2 f5 12. f4 Nef6 13. fxe5 Nxe4 14. Nxe4 fxe4 15. Rxf8+ Bxf8 16. e6 c6 17. Nc2 cxd5 18. cxd5 Nf6 19. Bc4 b6 20. Bg5 Bb7 21. Rf1 Qc7 22. Ne3 Nh5 23. Rf7 Qc5 24. Rxb7 Ng7 25. e7 Nf5 26. b4 Qc8 27. exf8Q+ Kxf8 28. Rxh7 Kg8 29. Nxf5 Kxh7 30. Nxd6 Qc7 31. Qf4 e3 32. Qh4+ Kg8 33. Bf6 Qxd6 34. Qh8+ Kf7 35. Qg7+ Ke8 36. Bb5+ Qc6 37. Bxc6# 1-0

[Event "Florianopolis Cordioli Memorial"]
[Site "Florianopolis"]
[Date "2015.07.03"]
[Round "2"]
[White "Barbisan Junior, Sergio"]
[Black "Franca, Willian Bento"]
[Result "0-1"]
[WhiteElo "1863"]
[BlackElo "2056"]
[PlyCount "88"]
[EventDate "2015.07.03"]
[EventType "swiss"]
[EventRounds "7"]
[EventCountry "BRA"]
[SourceTitle "EXT 2016"]
[Source "ChessBase"]
[SourceDate "2015.10.08"]
[SourceVersion "1"]
[SourceVersionDate "2015.10.08"]
[SourceQuality "1"]

1. Nf3 d5 2. c4 e6 3. e3 Nf6 4. Nc3 Be7 5. d4 0-0 6. Be2 Nbd7 7. b3 b6 8. Bb2 Bb7 9. 0-0 c5 10. Rc1 Rc8 11. Bd3 cxd4 12. Nxd4 Ne5 13. cxd5 Nxd3 14. Qxd3 Nxd5 15. Nxd5 Qxd5 16. e4 Qxe4 17. Qxe4 Bxe4 18. Rfe1 Rxc1 19. Bxc1 Rc8 20. Bf4 Bg6 21. g4 h6 22. Kg2 Bf6 23. Nb5 a6 24. Nd6 Rc2 25. a3 Rb2 26. b4 Rb3 27. Re3 Rxe3 28. Bxe3 b5 29. Bc1 Be5 30. Nc8 Be4+ 31. f3 Bb7 32. Nb6 Bc6 33. Nc8 Kf8 34. Be3 Ke8 35. Bc5 Kd7 36. Ne7 Bb7 37. h4 Bb2 38. Kf2 Bxa3 39. f4 a5 40. f5 Bxb4 41. fxe6+ fxe6 42. Bxb4 axb4 43. Ng6 Be4 44. Nf4 b3 0-1

[Event "Florianopolis op"]
[Site "Florianopolis"]
[Date "2015.01.16"]
[Round "6"]
[White "Barbisan Junior, Sergio"]
[Black "Salustiano, Murilo Gimenez"]
[Result "1/2-1/2"]
[WhiteElo "1886"]
[BlackElo "2026"]
[PlyCount "42"]
[EventDate "2015.01.14"]
[EventType "swiss"]
[EventRounds "10"]
[EventCountry "BRA"]
[SourceTitle "CBM 164 Extra"]
[Source "ChessBase"]
[SourceDate "2015.03.02"]
[SourceVersion "1"]
[SourceVersionDate "2015.03.02"]
[SourceQuality "1"]

1. Nf3 d5 2. d4 Nf6 3. Bg5 Bf5 4. e3 Nbd7 5. c4 c6 6. Nc3 e6 7. Bd3 Bxd3 8. Qxd3 Be7 9. h3 0-0 10. 0-0 Re8 11. Bf4 Nf8 12. e4 dxe4 13. Nxe4 Nxe4 14. Qxe4 Ng6 15. Bh2 Qb6 16. b3 c5 17. Rad1 Rad8 18. d5 exd5 19. Rxd5 Bf8 20. Qd3 Rxd5 21. cxd5 Bd6 1/2-1/2

[Event "Florianopolis op"]
[Site "Florianopolis"]
[Date "2015.01.15"]
[Round "4"]
[White "Barbisan Junior, Sergio"]
[Black "Paniagua Chnelik, Sebastian"]
[Result "0-1"]
[WhiteElo "1886"]
[BlackElo "2197"]
[PlyCount "72"]
[EventDate "2015.01.14"]
[EventType "swiss"]
[EventRounds "10"]
[EventCountry "BRA"]
[SourceTitle "CBM 164 Extra"]
[Source "ChessBase"]
[SourceDate "2015.03.02"]
[SourceVersion "1"]
[SourceVersionDate "2015.03.02"]
[SourceQuality "1"]

1. Nf3 d5 2. d4 Nf6 3. g3 e6 4. Bg2 Be7 5. 0-0 0-0 6. Re1 c5 7. c3 Nc6 8. b3 Ne4 9. Bb2 f6 10. Nbd2 Nxd2 11. Nxd2 e5 12. e3 Be6 13. Rc1 cxd4 14. exd4 e4 15. Nf1 f5 16. f3 Qd7 17. Rc2 Bd6 18. f4 Rac8 19. Ne3 g5 20. Rf1 gxf4 21. gxf4 Qc7 22. Rcf2 Ne7 23. Bh3 Ng6 24. Ng2 Qg7 25. Qh5 e3 26. Rf3 e2 27. Re1 Nxf4 28. Rxf4 Bxf4 29. Rxe2 Rf6 30. Kh1 Bd6 31. Qf3 Qg5 32. Ne3 Qf4 33. Rf2 Qxf3+ 34. Rxf3 f4 35. Bxe6+ Rxe6 36. Nxd5 Re2 0-1

[Event "Florianopolis op"]
[Site "Florianopolis"]
[Date "2015.01.14"]
[Round "2"]
[White "Barbisan Junior, Sergio"]
[Black "Oliveira, Fernando Henrique"]
[Result "0-1"]
[WhiteElo "1886"]
[BlackElo "2162"]
[PlyCount "104"]
[EventDate "2015.01.14"]
[EventType "swiss"]
[EventRounds "10"]
[EventCountry "BRA"]
[SourceTitle "CBM 164 Extra"]
[Source "ChessBase"]
[SourceDate "2015.03.02"]
[SourceVersion "1"]
[SourceVersionDate "2015.03.02"]
[SourceQuality "1"]

1. Nf3 d5 2. d4 Nf6 3. g3 Bf5 4. Bg2 e6 5. Nbd2 h6 6. 0-0 Be7 7. Re1 0-0 8. Ne5 c5 9. e4 dxe4 10. Nxe4 Nxe4 11. Bxe4 Bxe4 12. Rxe4 Bf6 13. Be3 Qd5 14. Qf3 cxd4 15. Bxd4 Bxe5 16. Bxe5 Nd7 17. Bc3 f5 18. Re3 Qxf3 19. Rxf3 Rac8 20. Re3 Rfe8 21. Rae1 Kf7 22. R1e2 Rc6 23. f3 Rec8 24. Rd2 Nb6 25. Ree2 Nd5 26. Be5 b5 27. a3 a5 28. c3 g6 29. Kf2 Rb6 30. Rd4 Rb7 31. Red2 Ke7 32. g4 fxg4 33. Rxg4 Kf7 34. h4 Rc4 35. Rdd4 Rxd4 36. Rxd4 g5 37. hxg5 hxg5 38. Rg4 Kg6 39. f4 Nxf4 40. Bxf4 Kf5 41. Rxg5+ Kxf4 42. Rh5 Ke4 43. Ke2 e5 44. Rh6 Rg7 45. Rh4+ Kd5 46. b3 Rg3 47. Kd2 Rf3 48. Rg4 Rf4 49. Rxf4 exf4 50. Kd3 a4 51. bxa4 bxa4 52. c4+ Kc5 0-1